000 00435nam a2200169Ia 4500
999 _c29657
_d29657
003 OSt
005 20250522125208.0
008 250310s9999||||xx |||||||||||||| ||und||
040 _c.
082 _a940.5481
_bS5412
100 _95891
_aSheean, Vincent
245 0 _aBetween the thunder and the sun /
_cVincent Sheean
260 _aNew York :
_bRandom House,
_c1943.
300 _a428 p.
650 0 _94554
_aWorld War
942 _cBK
_2ddc